000 00607nam a2200181Ia 4500
008 090124s9999 xx 000 0 und d
082 _b32435
100 _aभागवत सरोज
245 _a कशासाठी?कोणासाठी?
250 _a1
260 _b"शांती पब्लिकेशन्स, पुणे"
_c1994
300 _a196
600 _aभागवत सरोज
630 _a कशासाठी?कोणासाठी?
700 _aभागवत सरोज
730 _a कशासाठी?कोणासाठी?
942 _cBOOK
999 _c98018
_d98018